| 000 | 00494nam a22001451 4500 | ||
|---|---|---|---|
| 082 |
_a030.35500973 _bCRO _cD |
||
| 100 | 1 |
_aEggenberger, David. _948710 |
|
| 245 | 1 | 2 | _aA dictionary of battles. |
| 260 |
_aNew York, _bCrowell _c[1967] |
||
| 300 |
_ax, 526 p. _bplans (part col.) _c26 cm. |
||
| 500 | _a"Covers ... the first battle of Megiddo in 1479 B.C. to the fighting in Vietnam during the 1960's." | ||
| 526 |
_a0 _b0 _c0 _d030_355009730000000_CRO |
||
| 650 | 0 |
_aBattles _948667 |
|
| 942 |
_2ddc _cBK |
||
| 999 |
_c551564 _d551564 |
||